000 00378nam a22001457a 4500
003 SGT
082 _a615.53
_bD15S
100 _aSHARMA, SHREE RAM
245 _aDHARMCHAKRA PRAWARTAN EVAM LOCK MANAS KA SHIKSHAN
260 _bAKHAND JYOTI SANSTHAN
_c2015
300 _a448
650 _aAYURVEDA
653 _aDHARMCHAKRA, PRAWARTAN , LOCK, MANAS , SHIKSHAN
942 _2ddc
_cBK
999 _c32607
_d32607